000 00516cam a22002051 4500
001 8318542
005 20180312080356.0
008 740830s1941 xx 000 0 eng
010 _a 41011097
035 _a(OCoLC)994351
040 _aDLC
_cTxU-Da
_dOCoLC
_dDLC
041 _aeng
080 _a517.1 GRA
082 _a517.1 GRA
100 1 _a37
101 _aMAT
245 1 0 _aElements of the differential and integral calculus.
906 _a7
_bcbc
_coclcrpl
_du
_encip
_f19
_gy-gencatlg
942 _2ddc
_cBK
999 _c44729
_d44729